000 00563nam a2200181Ia 4500
003 GCL
008 140319s9999 xx 000 0 ara d
040 _aGCL /
_cGCL
082 0 4 _aم
_b745.6191
_bع م
100 1 _aعفيف البهنسى
245 1 0 _aمعجم مصطلحات الخط العربى والخطاطين /
_cعفيف البهنسى
300 _a166 ص
650 0 4 _aالخط العربى
650 0 4 _aالخط - زخرفة
650 0 4 _aالخط العربى - تاريخ
650 0 4 _aالخط العربى - معاجم
942 _2ddc
_cREF
999 _c59669
_d59669